Robert Louis Stevenson : (Record no. 532)

MARC details
000 -LEADER
fixed length control field 00946cam a22002411 4500
005 - DATE AND TIME OF LATEST TRANSACTION
control field 20260322212024.0
008 - FIXED-LENGTH DATA ELEMENTS--GENERAL INFORMATION
fixed length control field data
010 ## - LIBRARY OF CONGRESS CONTROL NUMBER
LC control number 55010574
040 ## - CATALOGING SOURCE
Original cataloging agency DLC
Transcribing agency DLC
Modifying agency DLC
050 00 - LIBRARY OF CONGRESS CALL NUMBER
Classification number PR5493
Item number .P4
082 00 - DEWEY DECIMAL CLASSIFICATION NUMBER
Classification number 92
-- B
-- 92
001 - CONTROL NUMBER
control field data
100 1# - MAIN ENTRY--PERSONAL NAME
Personal name Peare, Catherine Owens.
245 10 - TITLE STATEMENT
Title Robert Louis Stevenson :
Remainder of title his life /
Statement of responsibility, etc. Catherine Owens Peare & Margaret Ayer.
250 ## - EDITION STATEMENT
Edition statement [1st ed.]
260 ## - PUBLICATION, DISTRIBUTION, ETC.
Place of publication, distribution, etc. New York,
Name of publisher, distributor, etc. Holt
Date of publication, distribution, etc. [1955]
300 ## - PHYSICAL DESCRIPTION
Extent 128 p.
Other physical details illus.
Dimensions 21 cm.
520 ## - SUMMARY, ETC.
Summary, etc. A biography of Robert Louis Stevenson who was well-launched on his writing career at age twenty-three, but it was not until the publication of Treasure Island that he became a popular, sought-after writer.
600 10 - SUBJECT ADDED ENTRY--PERSONAL NAME
Personal name Stevenson, Robert Louis,
Dates associated with a name 1850-1894
General subdivision Juvenile literature.
600 11 - SUBJECT ADDED ENTRY--PERSONAL NAME
Personal name Stevenson, Robert Louis,
Dates associated with a name 1850-1894.
650 #0 - SUBJECT ADDED ENTRY--TOPICAL TERM
Topical term or geographic name entry element Authors, Scottish
Chronological subdivision 19th century
General subdivision Juvenile literature.
-- Juvenile literature.
700 1# - ADDED ENTRY--PERSONAL NAME
Personal name Ayer, Margaret,
Relator term illus.
Holdings
Withdrawn status Lost status Damaged status Not for loan Home library Current library Shelving location Date acquired Total checkouts Full call number Barcode Date last seen Price effective from Koha item type
        Franklin Franklin General stacks 22/03/2026   828/.8/09 B 92 BC0010545 22/03/2026 22/03/2026 Books